Testing of seasonal fractional integration in U.K. and japanese consumption and income

Na minha lista:
Detalhes bibliográficos
Autor principal: Gil-Alana, Luis A.
Outros Autores: Robinson, P.M
Formato: Livro
Idioma:inglês
Publicado em: San Domenico (FI) European University Institute 1998
Colecção:EUI Working paper ECO No. 98/20
Assuntos:
Tags: Adicionar Tag
Sem tags, seja o primeiro a adicionar uma tag!

MARC

LEADER 00000nam a2200000 4500
001 c133239
005 20221109094625.3
041 0 |a eng 
044 |a IT 
245 1 0 |a Testing of seasonal fractional integration in U.K. and japanese consumption and income  |c Luis A. Gil-Alana and P.M. Robinson 
264 1 |a San Domenico (FI)  |b European University Institute  |c 1998 
300 |a 33 s. 
490 1 |a EUI Working paper ECO  |v No. 98/20 
830 0 |a EUI Working paper ECO  |v No. 98/20 
610 2 0 |a spotreba 
610 2 0 |a príjmy 
610 2 0 |a integrácia 
610 2 0 |a modely ekonomicko-matematické 
610 2 0 |a modelovanie ekonometrické 
610 2 0 |a Veľká Británia 
610 2 0 |a Japonsko 
100 1 |a Gil-Alana, Luis A. 
700 1 |a Robinson, P.M.